<?xml version="1.0" encoding="UTF-8"?>
<record
    xmlns:xsi="http://www.w3.org/2001/XMLSchema-instance"
    xsi:schemaLocation="http://www.loc.gov/MARC21/slim http://www.loc.gov/standards/marcxml/schema/MARC21slim.xsd"
    xmlns="http://www.loc.gov/MARC21/slim">

  <leader>02975nam a2200325   4500</leader>
  <controlfield tag="001">113895</controlfield>
  <controlfield tag="003">DR-UNIBE</controlfield>
  <controlfield tag="005">20250717144204.0</controlfield>
  <controlfield tag="008">250717b2011    dr ||||| |||| 00| 0 spa d</controlfield>
  <datafield tag="020" ind1=" " ind2=" ">
    <subfield code="a">9789945481068</subfield>
  </datafield>
  <datafield tag="040" ind1=" " ind2=" ">
    <subfield code="a">BIBLIOTECA UNIBE</subfield>
    <subfield code="b">spa</subfield>
    <subfield code="c">BIBLIOTECA UNIBE</subfield>
  </datafield>
  <datafield tag="041" ind1=" " ind2=" ">
    <subfield code="a">spa</subfield>
    <subfield code="h">spa</subfield>
  </datafield>
  <datafield tag="082" ind1=" " ind2=" ">
    <subfield code="2">22</subfield>
    <subfield code="a">RD 346.7293043 M737L 2011</subfield>
  </datafield>
  <datafield tag="100" ind1="1" ind2=" ">
    <subfield code="a">Monci&#xF3;n, Segundo E.,</subfield>
    <subfield code="d">1966-</subfield>
    <subfield code="e">autor</subfield>
    <subfield code="9">197429</subfield>
  </datafield>
  <datafield tag="245" ind1="1" ind2="3">
    <subfield code="a">La litis, los incidentes y la demanda en referimiento en la jurisdicci&#xF3;n inmobiliaria :</subfield>
    <subfield code="b">formularios y jurisprudencias /</subfield>
    <subfield code="c">Segundo E. Monci&#xF3;n</subfield>
  </datafield>
  <datafield tag="250" ind1=" " ind2=" ">
    <subfield code="a">Segunda edici&#xF3;n corregida, actualizada y ampliada a cinco cap&#xED;tulos adicionales</subfield>
  </datafield>
  <datafield tag="260" ind1=" " ind2=" ">
    <subfield code="a">Santo Domingo, Rep&#xFA;blica Dominicana :</subfield>
    <subfield code="b">[Editor no identificado],</subfield>
    <subfield code="c">2011</subfield>
  </datafield>
  <datafield tag="300" ind1=" " ind2=" ">
    <subfield code="a">611 p&#xE1;ginas ;</subfield>
    <subfield code="c">24 cm</subfield>
  </datafield>
  <datafield tag="490" ind1=" " ind2=" ">
    <subfield code="a">Derecho procesal inmobiliario</subfield>
  </datafield>
  <datafield tag="504" ind1=" " ind2=" ">
    <subfield code="a">Incluye referencias bibliogr&#xE1;ficas (p&#xE1;ginas: 605-611) e &#xED;ndice</subfield>
  </datafield>
  <datafield tag="505" ind1="0" ind2=" ">
    <subfield code="a">Pr&#xF3;logo |
Introducci&#xF3;n |
Exordio |
Cap&#xED;tulo I. La Litis sobre derechos registrados |
Cap&#xED;tulo II. Competencia general de la jurisdicci&#xF3;n inmobiliaria |
Cap&#xED;tulo III. Nulidad del decreto que declara de utilidad p&#xFA;blica un inmueble y procedimiento de expropiaci&#xF3;n |
Cap&#xED;tulo IV. De las audiencias |
Cap&#xED;tulo V. La simulaci&#xF3;n de los actos jur&#xED;dicos |
Cap&#xED;tulo VI. La lesi&#xF3;n en terreno registrado |
Cap&#xED;tulo VII. Tercer adquiriente a t&#xED;tulo oneroso y de buena fe |
Cap&#xED;tulo VIII. La prueba en la jurisdicci&#xF3;n inmobiliaria |
Cap&#xED;tulo IX. Los incidentes |
Cap&#xED;tulo X. Los incidentes de la prueba literal |
Cap&#xED;tulo XI. Los incidentes de la instancia |
Cap&#xED;tulo XII. Las excepciones del procedimiento |
Cap&#xED;tulo XIII. Los medios de inadmisi&#xF3;n |
Cap&#xED;tulo XIV. La acumulaci&#xF3;n de los incidentes |
Cap&#xED;tulo XV. La supletoriedad del derecho com&#xFA;n |
Cap&#xED;tulo XVI. Acciones que siguen el procedimiento de la litis sin ser una verdadera litis sobre derechos registrados |
Cap&#xED;tulo XVII. La acci&#xF3;n en justicia |
Cap&#xED;tulo XVIII. Los incidentes relativos a la variaci&#xF3;n de las pretensiones de las partes |
Cap&#xED;tulo XIX. Las astreintes por ante la jurisdicci&#xF3;n inmobiliaria |
Cap&#xED;tulo XX. El referimiento en la jurisdicci&#xF3;n inmobiliaria |
Cap&#xED;tulo XXI. Regularizaci&#xF3;n parcelaria y el deslinde |
Cap&#xED;tulo XXII. El deslinde litigioso |
Cap&#xED;tulo XXIII. La actualizaci&#xF3;n parcelaria y registral de inmuebles complejos |
Cap&#xED;tulo XXIV. La reapertura de los debates |
Cap&#xED;tulo XXV. Las costas y los honorarios |
Cap&#xED;tulo XXVI. El concubinato |
Bibliograf&#xED;a
</subfield>
  </datafield>
  <datafield tag="650" ind1=" " ind2="7">
    <subfield code="2">lemb</subfield>
    <subfield code="a">Bienes ra&#xED;ces</subfield>
    <subfield code="x">Aspectos jur&#xED;dicos</subfield>
    <subfield code="z">Rep&#xFA;blica Dominicana</subfield>
    <subfield code="9">197459</subfield>
  </datafield>
  <datafield tag="650" ind1=" " ind2="7">
    <subfield code="2">lemb</subfield>
    <subfield code="a">Registro de la propiedad</subfield>
    <subfield code="z">Rep&#xFA;blica Dominicana</subfield>
    <subfield code="9">2563</subfield>
  </datafield>
  <datafield tag="650" ind1=" " ind2="7">
    <subfield code="2">lemb</subfield>
    <subfield code="a">Demanda de propiedades</subfield>
    <subfield code="9">197460</subfield>
  </datafield>
  <datafield tag="650" ind1=" " ind2="7">
    <subfield code="2">lemb</subfield>
    <subfield code="a">Procesos (Derecho)</subfield>
  </datafield>
  <datafield tag="650" ind1=" " ind2="7">
    <subfield code="2">lemb</subfield>
    <subfield code="a">Formularios legales</subfield>
    <subfield code="9">21651</subfield>
  </datafield>
  <datafield tag="650" ind1=" " ind2="7">
    <subfield code="2">lemb</subfield>
    <subfield code="a">Recursos administrativos</subfield>
    <subfield code="9">30720</subfield>
  </datafield>
  <datafield tag="700" ind1="1" ind2=" ">
    <subfield code="a">Subero Isa, Jorge A.,</subfield>
    <subfield code="d">1947-</subfield>
    <subfield code="e">prologuista</subfield>
  </datafield>
  <datafield tag="942" ind1=" " ind2=" ">
    <subfield code="2">ddc</subfield>
    <subfield code="c">BK</subfield>
  </datafield>
  <datafield tag="999" ind1=" " ind2=" ">
    <subfield code="c">113895</subfield>
    <subfield code="d">113895</subfield>
  </datafield>
  <datafield tag="952" ind1=" " ind2=" ">
    <subfield code="0">0</subfield>
    <subfield code="1">0</subfield>
    <subfield code="2">ddc</subfield>
    <subfield code="7">0</subfield>
    <subfield code="8">GEN-RD</subfield>
    <subfield code="a">Principal</subfield>
    <subfield code="d">2025-05-16</subfield>
    <subfield code="l">0</subfield>
    <subfield code="o">RD 346.7293043 M737L 2011</subfield>
    <subfield code="p">250859</subfield>
    <subfield code="r">2025-07-17 14:44:53</subfield>
    <subfield code="t">Ej. 1</subfield>
    <subfield code="w">2025-07-17</subfield>
    <subfield code="y">BK</subfield>
  </datafield>
</record>
